00565nam a22001577a 450000500170000001000150001702000260003203500140005803700130007208200080008510000180009324500570011126000630016827001560023130000200038720220622160337.0 aENG-133317 a9789353066642c110.00 aEN-116849 bDBAD/PUB a530 aKhanna, Rupam aExpanded Universal Science:cPhysics/bRupam khanna  bPerson India Education Services Pvt. Ltd.c2019aNoida U.P a15th Floor Towar-B, World Trade Tower, Plot no.1, Bloc-C, Sector 16, bNoida U.Pe201301k080-30461060l080-30461003mcompanysecretary.india@person.com a62,pc25cm(pbk)